El maravilloso mundo del teatro / (Record no. 121304)

MARC details
000 -LEADER
campo de control de longitud fija 00540nam a2200181 4500
001 - NÚMERO DE CONTROL
campo de control 121304
003 - IDENTIFICADOR DE NÚMERO DE CONTROL
campo de control ES-MaACL
005 - FECHA Y HORA DE LA ÚLTIMA TRANSACCIÓN
campo de control 20230906191729.0
007 - CAMPO FIJO DE DESCRIPCIÓN FÍSICA--INFORMACIÓN GENERAL
campo de control de longitud fija t|
008 - DATOS DE LONGITUD FIJA--INFORMACIÓN GENERAL
campo de control de longitud fija 070214s1972 sp r ||||1| spa d
100 1# - ENTRADA PRINCIPAL--NOMBRE DE PERSONA
Nombre de persona Priestley, J. B.
9 (RLIN) 93870
245 13 - MENCIÓN DEL TÍTULO
Título El maravilloso mundo del teatro /
Mención de responsabilidad, etc. J. B. Priestley ; traducción del inglés de Gonzalo Medina.
250 ## - MENCION DE EDICION
Mención de edición 1ª ed.
260 ## - PUBLICACIÓN, DISTRIBUCIÓN, ETC.
Lugar de publicación, distribución, etc. Madrid :
Nombre del editor, distribuidor, etc. Aguilar,
Fecha de publicación, distribución, etc. 1972.
300 ## - DESCRIPCIÓN FÍSICA
Extensión 92 p. :
Otras características físicas il. ;
Dimensiones 27 cm.
700 1# - ENTRADA AGREGADA--NOMBRE PERSONAL
Nombre de persona Medina, Gonzalo.
9 (RLIN) 79697
852 ## - LOCALIZACIÓN
Ubicación ES-MaACL
Número de control de estantería C-56439
Sublocalización o colección R.89101
Holdings
Estatus retirado Estado de pérdida Estado de daño No para préstamo Biblioteca de origen Biblioteca actual Ubicación en estantería Fecha de adquisición Fuente de adquisición Total de préstamos Signatura topográfica completa Código de barras Visto por última vez Precio de reemplazo Tipo de ítem Koha
        Biblioteca del Ateneo de Madrid Biblioteca del Ateneo de Madrid Depósito 2 17/01/2008     C-56439 1126423 23/02/2023 23/02/2023 Libro impreso